000 01117cam a2200325 a 4500
001 982
005 20230908162209.0
020 _a9780439540148
040 _aDLC
_cDLC
_dDLC
_beng
050 0 0 _aPZ7.O81167
_bHi 2003
082 0 0 _aFic
_221
100 1 _aOsborne, Mary Pope.
245 1 0 _aHigh tide in Hawaii /
_cby Mary Pope Osborne ; illustrated by Sal Murdocca.
250 _aFirst Scholastic printing, January 2004
260 _aNew York :
_bScholastic
_c2003.
300 _a73 pages. :
_billustrations. ;
_c20 cm.
490 _aMagic Tree House
_vBook 28
500 _a"A stepping stone book."
505 _aN
520 _aJack and Annie travel in their Magic Tree House back to a Hawaiian island of long ago where they make friends, learn how to surf, and encounter a tsunami.
521 _a570
_bLexile
521 _aN
_bRaz-Plus
650 1 _aTime travel
_vFiction.
650 1 _aMagic
_vFiction.
650 1 _aSiblings
_vFiction.
650 1 _aTree houses
_vFiction.
700 1 _aMurdocca, Sal
_eillustrator
906 _a7
_bcbc
_corignew
_d1
_eecip
_f20
_gy-gencatlg
942 _2ddc
_cBK
_n0
999 _c982
_d982